Implications of declining enrolment for the schools of Ontario : a statement of effects and solutions : final report /

Saved in:
Bibliographic Details
Corporate Author: Commission on Declining School Enrolments
Format: Book
Language:English
Published: Toronto : Commission on Declining School Enrolments in Ontario, 1978.
Subjects:
LEADER 01272nam a2200277 i 4500
001 c000191861
003 CARM
005 20021125001300.0
008 790913s1978 onca bs s00010 eng
015 |a C79-81004-2 
019 1 |a 1587552  |5 LACONCORD2021 
035 |a (OCoLC)5752124  |5 LACONCORD2021 
043 |a n-cn-on 
050 0 0 |a LC145.C2  |b O56 1978a 
110 2 0 |a Commission on Declining School Enrolments. 
245 1 0 |a Implications of declining enrolment for the schools of Ontario :  |b a statement of effects and solutions : final report /  |c the Commission on Declining School Enrolments in Ontario. 
260 |a Toronto :  |b Commission on Declining School Enrolments in Ontario,  |c 1978. 
300 |a xviii, 331 p. :  |b ill. ;  |c 30 cm. 
504 |a Includes bibliographical references. 
650 0 |a School attendance  |z Ontario  |x Statistics. 
852 8 |b CARM  |h A2:AG01H0  |i F00991  |p 0301225  |f BK 
852 8 |b CARM  |h A2:AG01H0  |i F00991  |p 0301226  |f BK 
082 0 4 |a 371.2/19/713 
999 f f |i 6fc4b35e-fc8d-5427-8a85-c1a83fdef707  |s 9cdbe0b3-795e-5a70-ab20-c4330afa0071 
952 f f |p Can circulate  |a CAVAL  |b CAVAL  |c CAVAL  |d CARM 1 Store  |e F00991  |f A2:AG01H0  |h Other scheme  |i book  |m 0301226 
952 f f |p Can circulate  |a CAVAL  |b CAVAL  |c CAVAL  |d CARM 1 Store  |e F00991  |f A2:AG01H0  |h Other scheme  |i book  |m 0301225